000
00259nam a22001217a 4500
008
170126b xxu||||| |||| 00| 0 eng d
041
_a
eng
080
_2
2ND
_a
61
100
_a
3
101
_a
MED
245
_a
MEDICINE CLERKSHIP
_c
STEAD, L.G
942
_2
udc
_c
BK
999
_c
3790
_d
3790